<?xml version="1.0" encoding="UTF-8"?>
<marc:record xmlns:marc="http://www.loc.gov/MARC21/slim">
   <marc:leader>00000nam a2200000 a 4500</marc:leader>
   <marc:datafield ind1="1" ind2=" " tag="100">
      <marc:subfield code="a">Fuchs, Anna</marc:subfield>
      <marc:subfield code="4">aut</marc:subfield>
      <marc:subfield code="e">Verfasser/-in</marc:subfield>
   </marc:datafield>
   <marc:datafield ind1="0" ind2="0" tag="245">
      <marc:subfield code="a">Das gelbe Hurentuch</marc:subfield>
   </marc:datafield>
   <marc:datafield ind1="0" ind2="0" tag="245">
      <marc:subfield code="b">Hannerl ermittelt</marc:subfield>
   </marc:datafield>
   <marc:datafield ind1="0" ind2="0" tag="245">
      <marc:subfield code="c">Anna Fuchs</marc:subfield>
   </marc:datafield>
   <marc:datafield ind1=" " ind2="1" tag="264">
      <marc:subfield code="a">Meßkirch</marc:subfield>
      <marc:subfield code="b">Gmeiner</marc:subfield>
      <marc:subfield code="c">2013</marc:subfield>
   </marc:datafield>
   <marc:datafield ind1="1" ind2=" " tag="520">
      <marc:subfield code="a">Wien im späten Mittelalter. Schnepfen, Dirnen, Hübschlerinnen, alle tragen es als Erkennungszeichen: das gelbe Achseltuch. Doch Johanna Maipelt, eine in die Jahre gekommene freie Tochter Wiens hat genug von den Männern und möchte ihren Lebensabend im Büßerinnenkloster St. Hieronymus verbringen. Sie staunt nicht schlecht, als ihr die Stadtwachen ein verschrecktes Mädchen bringen und behaupten, es handle sich um eine Hure. Doch &#x84;Hannerl&#x93; weiß es besser und versucht das Geheimnis auf ihre grantige Art und Weise zu lüften.</marc:subfield>
   </marc:datafield>
   <marc:datafield ind1=" " ind2=" " tag="020">
      <marc:subfield code="a">9783839214626</marc:subfield>
      <marc:subfield code="9">9783839214626</marc:subfield>
   </marc:datafield>
   <marc:datafield ind1=" " ind2=" " tag="020">
      <marc:subfield code="a">3839214629</marc:subfield>
      <marc:subfield code="9">3839214629</marc:subfield>
   </marc:datafield>
   <marc:datafield ind1=" " ind2=" " tag="300">
      <marc:subfield code="a">504 Seiten</marc:subfield>
   </marc:datafield>
</marc:record>
